Detalles MARC
| 000 -LEADER |
| campo de control de longitud fija |
03557cam a22005174i 4500 |
| 003 - IDENTIFICADOR DE NÚMERO DE CONTROL |
| campo de control |
PE-LiUPU |
| 005 - FECHA Y HORA DE LA ÚLTIMA TRANSACCIÓN |
| campo de control |
20260423175757.0 |
| 008 - DATOS DE LONGITUD FIJA--INFORMACIÓN GENERAL |
| campo de control de longitud fija |
150706s2003 ag rb 000 0 spa d |
| 020 ## - NÚMERO INTERNACIONAL ESTÁNDAR DEL LIBRO |
| Número Internacional Estándar del Libro |
9505739656 |
| 035 ## - NÚMERO DE CONTROL DEL SISTEMA |
| Número de control de sistema |
(Sirsi) i9789505739653 |
| 040 ## - FUENTE DE CATALOGACIÓN |
| Centro catalogador/agencia de origen |
PE-LiUPU |
| Lengua de catalogación |
spa |
| Centro/agencia transcriptor |
PE-LiUPU |
| Normas de descripción |
rda |
| 049 ## - FONDOS LOCALES (OCLC) |
| Biblioteca depositaria |
PRUA |
| 050 #4 - SIGNATURA TOPOGRÁFICA DE LA BIBLIOTECA DEL CONGRESO |
| Número de clasificación |
BT886 |
| Número de ítem |
.G85 2003 |
| 082 04 - NÚMERO DE LA CLASIFICACIÓN DECIMAL DEWEY |
| Número de clasificación |
236 |
| Cutter |
G973c |
| Número de edición |
23 |
| 100 1# - ENTRADA PRINCIPAL--NOMBRE DE PERSONA |
| Nombre de persona |
Gulley, Norman , |
| Término indicativo de función/relación |
autor. |
| 245 11 - MENCIÓN DEL TÍTULO |
| Título |
¡Cristo viene! : |
| Resto del título |
un enfoque cristocéntrico de los eventos de los últimos días / |
| Mención de responsabilidad, etc. |
Norman Gulley. |
| 264 #1 - PRODUCCIÓN, PUBLICACIÓN, DISTRIBUCIÓN, FABRICACIÓN Y COPYRIGHT |
| Producción, publicación, distribución, fabricación y copyright |
Buenos Aires, AG : |
| Nombre del de productor, editor, distribuidor, fabricante |
ACES, |
| Fecha de producción, publicación, distribución, fabricación o copyright |
2003. |
| 300 ## - DESCRIPCIÓN FÍSICA |
| Extensión |
624 páginas ; |
| Dimensiones |
24 centímetros |
| 336 ## - TIPO DE CONTENIDO |
| Término de tipo de contenido |
text |
| Fuente |
rdacontent |
| 337 ## - TIPO DE MEDIO |
| Nombre/término del tipo de medio |
unmediated |
| Fuente |
rdamedia |
| 338 ## - TIPO DE SOPORTE |
| Nombre/término del tipo de soporte |
volume |
| Fuente |
rdacarrier |
| 504 ## - NOTA DE BIBLIOGRAFÍA, ETC. |
| Nota de bibliografía, etc. |
Incluye referencias bibliográficas al final de cada capítulo. |
| 505 0# - NOTA DE CONTENIDO CON FORMATO |
| Nota de contenido con formato |
Información para el viaje -- Esperanza para el hombre posmoderno -- La gran cosmovisión bíblica -- Cristo conoce el futuro -- Cristo está al mando de los eventos finales -- Vista anticipada de los eventos de los últimos días -- Eventos finales según el dispensacionalismo -- Otras perspectivas acerca de los acontecimientos finales -- El papel de la iglesia católica -- El movimiento ecuménico -- El espiritismo moderno -- El espiritismo moderno -- El movimiento carismático -- Teosofías: Raíces del movimiento de la nueva era -- El movimiento de la nueva era y los acontecimientos finales -- El ataque de la nueva era sobre Jesucristo -- La coalición cristiana y el final -- La escatología de la teología del dominio -- Precursores de la escatología del tiempo del fin -- "De ninguna manera moriréis" -- El estado intermedio -- El purgatorio -- Concepción Holística de la naturaleza humana -- La idea cristiana de la muerte -- Se recalienta el debate acerca del infierno -- Las cosmovisiones bíblicas y el infierno -- La batalla contra el sábado -- ¿Está en crisis el sábado? -- El domingo: El Sábado de Satanás -- El sábado cristiano -- El problema real en la venidera ley dominical -- Evolución: teoría en crisis -- Evidencias contra la evolución -- La evolución bajo presión y un desafío del tiempo del fin -- El juicio anterior al advenimiento -- Las buenas nuevas del juicio anterior al advenimiento -- Las buenas nuevas del juicio anterior al advenimiento -- El milenio -- Cómo tener seguridad -- El viaje -- Es el tiemplo del fin -- La última ofensiva de Satanás para dominar el mundo -- "y se maravilló toda la tierra" -- El tiempo de angustia previo -- Dos reuniones en marcha -- El gran tiempo de angustia -- La mayor operación rescate de todos los tiempos -- El otro viaje. |
| 526 ## - NOTA DE INFORMACIÓN SOBRE EL PROGRAMA DE ESTUDIO |
| Nombre del programa |
Segunda Especialidad En Profecías Bíblicas |
| 526 ## - NOTA DE INFORMACIÓN SOBRE EL PROGRAMA DE ESTUDIO |
| Nombre del programa |
Segunda Especialidad En Nuevo Testamento |
| 526 ## - NOTA DE INFORMACIÓN SOBRE EL PROGRAMA DE ESTUDIO |
| Nombre del programa |
Segunda Especialidad En Antiguo Testamento |
| 526 ## - NOTA DE INFORMACIÓN SOBRE EL PROGRAMA DE ESTUDIO |
| Nombre del programa |
Segunda Especialidad En Estudios Adventistas |
| 526 ## - NOTA DE INFORMACIÓN SOBRE EL PROGRAMA DE ESTUDIO |
| Nombre del programa |
Doctorado en teología |
| 526 ## - NOTA DE INFORMACIÓN SOBRE EL PROGRAMA DE ESTUDIO |
| Nombre del programa |
Maestría en teología histórica |
| 526 ## - NOTA DE INFORMACIÓN SOBRE EL PROGRAMA DE ESTUDIO |
| Nombre del programa |
Maestría en teología bíblica |
| 526 ## - NOTA DE INFORMACIÓN SOBRE EL PROGRAMA DE ESTUDIO |
| Nombre del programa |
Maestría en teología |
| 526 ## - NOTA DE INFORMACIÓN SOBRE EL PROGRAMA DE ESTUDIO |
| Nombre del programa |
Maestría en misionología |
| 526 ## - NOTA DE INFORMACIÓN SOBRE EL PROGRAMA DE ESTUDIO |
| Nombre del programa |
Maestría en liderazgo eclesiástico |
| 526 ## - NOTA DE INFORMACIÓN SOBRE EL PROGRAMA DE ESTUDIO |
| Nombre del programa |
Teología |
| 650 04 - PUNTO DE ACCESO ADICIONAL DE MATERIA--TÉRMINO DE MATERIA |
| Término de materia o nombre geográfico como elemento de entrada |
Escatología. |
| 9 (RLIN) |
5923 |
| 650 00 - PUNTO DE ACCESO ADICIONAL DE MATERIA--TÉRMINO DE MATERIA |
| Término de materia o nombre geográfico como elemento de entrada |
Adventistas del séptimo día |
| Subdivisión general |
Gobierno |
| 9 (RLIN) |
3095 |
| 650 00 - PUNTO DE ACCESO ADICIONAL DE MATERIA--TÉRMINO DE MATERIA |
| Término de materia o nombre geográfico como elemento de entrada |
Fin del mundo |
| 9 (RLIN) |
3096 |
| 650 00 - PUNTO DE ACCESO ADICIONAL DE MATERIA--TÉRMINO DE MATERIA |
| Término de materia o nombre geográfico como elemento de entrada |
Segunda venida |
| 9 (RLIN) |
3097 |
| 910 ## - DATOS DE OPCIÓN DEL USUARIO (OCLC) |
| Datos de opción del usuario |
gl |
| 942 ## - ELEMENTOS DE ENTRADA SECUNDARIOS (KOHA) |
| Fuente del sistema de clasificación o colocación |
Clasificación Decimal Dewey |
| Tipo de ítem Koha |
Libros físicos |
| Suprimir en OPAC |
No |
| 949 ## - PROCESAMIENTO DE INFORMACIÓN LOCAL (OCLC) |
| a |
236 G973¡ |
| w |
DEWEY |
| c |
1 |
| i |
64384 |
| l |
CIA |
| m |
BWL |
| p |
20.00 |
| r |
1 |
| s |
Y |
| t |
BOOK |
| u |
2015-7-6 |
| x |
WHITE |
| z |
UNKNOWN |
| o |
.STAFF. Colección General |
| 949 ## - PROCESAMIENTO DE INFORMACIÓN LOCAL (OCLC) |
| a |
236.9 G91 |
| w |
DEWEY |
| c |
1 |
| i |
53830 |
| d |
2017-6-30 |
| e |
2017-6-27 |
| f |
2017-2-14 |
| g |
1 |
| l |
CCODEBUL1 |
| m |
BUL |
| n |
11 |
| r |
0 |
| s |
Y |
| t |
BOOK |
| u |
2015-6-25 |
| x |
TEOLOGIA |
| z |
UNKNOWN |
| 0 |
COMPRA |
| o |
.STAFF. Colección General |
| 980 ## - EQUIVALENCIA O REFERENCIA-CRUZADA-MENCIÓN DE SERIE--NOMBRE DE PERSONA/TÍTULO [LOCAL, CANADÁ] |
| ID del último usuario que modificó el registro |
18226 |
| Nombre del último usuario que modificó el registro |
Jaime Vilcazán Jefe de Análisis Documental |